|
|
|
|
| LEADER |
00673nab a2200157 i 4500 |
| 001 |
delm84943 |
| 005 |
20190912125146.0 |
| 008 |
190912s1986 hu o 0|| hun d |
| 040 |
|
|
|a SZTE Délmagyarország Archívum
|b hun
|
| 041 |
|
|
|a hun
|
| 100 |
1 |
|
|a Halász Miklós
|
| 245 |
1 |
0 |
|a Egészségünk védelme - életünk minősége
|h [elektronikus dokumentum] :
|b tudósítás a megyei tanács üléséről /
|c Halász Miklós
|
| 260 |
|
|
|c 1986-09-26
|
| 300 |
|
|
|a 3
|
| 490 |
0 |
|
|a Délmagyarország
|v 76 No. 227
|
| 695 |
|
|
|a Csongrád megye, Közigazgatás tanács megyei Csongrád megye, Politikai élet tanácsülés megyei 1986 Csongrád megye, Egészségügy egészségvédelem Csongrád megye
|